Manual de pedagogía

-д хадгалсан:
Номзүйн дэлгэрэнгүй
Үндсэн зохиолч: Lay, W. A (Зохиогч)
Формат: Ном
Хэл сонгох:испани
Хэвлэсэн: Buenos Aires Losada 1951
Хэвлэл:4a. ed
Цуврал:Biblioteca Pedagógica, 3
Нөхцлүүд:
Шошгууд: Шошго нэмэх
Шошго байхгүй, Энэхүү баримтыг шошголох эхний хүн болох!

MARC

LEADER 00000nam a2200000 a 4500
001 UCY4388
003 CL-VaPUC
008 950310e19510000AG |||||||||||||||||spa|d
082 0 4 |a 370.1  |b LAY  |2 21 
100 |a Lay, W. A  |e author  |9 585715 
245 1 0 |a Manual de pedagogía 
250 |a 4a. ed 
300 |a 187 p 
942 |c BK 
945 |d 19950310 00:00:00  |a rbrito 
260 |a Buenos Aires  |b Losada  |c 1951 
650 0 |a Teoría de la educación   |9 309368 
650 0 |a Filosofía de la educación   |9 258384 
583 |a last modification  |c 19950310 00:00:00  |k Rodrigo Vera 
490 0 |a Biblioteca Pedagógica, 3 
999 |c 232262  |d 232260 
952 |0 0  |1 0  |4 0  |6 370_100000000000000_LAY_1951  |7 0  |8 P  |9 236382  |a BIBEDU  |b BIBEDU  |c BIBEDU_PB  |d 2019-11-15  |i 306364K  |o 370.1 LAY 1951  |p 306364K  |r 2024-01-25  |w 2019-11-15  |y BK  |k EDU